Music Quiz

Random Music or Song Quiz
Score 0/100 Timer 20:00
1 Play Today
Hint Answer % Correct
1984Thriller - Michael Jackson
77.6%
1983Africa - Toto
76.5%
1980Crazy Little Thing Called Love - Queen
75.7%
1982Tainted Love - Soft Cell
70.8%
1985Take On Me - A-ha
70.2%
1984Wake Me Up Before You Go-Go - Wham!
67.6%
1982Centerfold - The J. Geils Band
67%
1987The Final Countdown - Europe
65.9%
1983Our House - Madness
64.9%
1983Electric Avenue - Eddy Grant
64.3%
1987I Wanna Dance With Somebody (Who Loves Me) - Whitney Houston
63.9%
1988The Loco-Motion - Kylie Minogue
62.8%
1984Dancing in the Dark - Bruce Springsteen
62.6%
1981Every Little Thing She Does Is Magic - The Police
62.5%
1989Love Shack - The B-52’s
61.4%
1985Relax - Frankie Goes to Hollywood
60.1%
1988Fast Car - Tracy Chapman
58.5%
1985We Belong - Pat Benatar
56.6%
1982We Got the Beat - The Go-Go’s
55.5%
1987(You Gotta) Fight for Your Right (To Party!) - Beastie Boys
54.8%
1982I Ran (So Far Away) - A Flock of Seagulls
54%
1982867-5309/Jenny - Tommy Tutone
53.7%
1980The Rose - Bette Middler
53.6%
1985Dancing in the Street - David Bowie and Mick Jagger
53.6%
1986Walk of Life - Dire Straits
53.2%
1985Run to You - Bryan Adams
52.9%
1984Cruel Summer - Bananarama
51.8%
1986West End Girls - Pet Shop Boys
51.3%
1983Little Red Corvette - Prince
51.1%
1984Legs - ZZ Top
50%
1981You Make My Dreams - Hall & Oates
48.7%
1986Dancing on the Ceiling - Lionel Richie
48.5%
1980You May Be Right - Billy Joel
47.2%
1984Hold Me Now - Thompson Twins
46.2%
Hint Answer % Correct
1987Don’t Dream It’s Over - Crowded House
46.1%
1989Stand - R.E.M.
45.4%
1981Rapture - Blondie
44.9%
1982Crimson and Clover - Joan Jett and the Blackhearts
44.9%
1984Borderline - Madonna
44.4%
1985The Heat is On - Glenn Frey
44.3%
1985Head Over Heels - Tears for Fears
44.2%
1980Xanadu - Olivia Newton-John and Electric Light Orchestra
43.9%
1984I Want a New Drug - Huey Lewis and the News
42.9%
1989Paradise City - Guns N' Roses
42.2%
1986Why Can’t This Be Love - Van Halen
41.5%
1980Don't Do Me Like That - Tom Petty and the Heartbreakers
41.2%
1989Bust a Move - Young MC
40.4%
1981The Winner Takes It All - ABBA
39.3%
1983Pass the Dutchie - Musical Youth
39%
1984Sad Songs (Say So Much) - Elton John
38.3%
1985Voices Carry - 'Til Tuesday
38.2%
1980Let My Love Open the Door - Pete Townshend
37.9%
1983True - Spandau Ballet
36.7%
1981Urgent - Foreigner
36.2%
1983Back on the Chain Gang - The Pretenders
35.9%
1981Too Much Time on My Hands - Styx
35.7%
1986Conga - Miami Sound Machine
35.7%
1980Ride Like the Wind - Christopher Cross
35.7%
1989My Prerogative - Bobby Brown
35.6%
1988Hungry Eyes - Eric Carmen
35.1%
1984You Might Think - The Cars
35%
1980Give Me the Night - George Benson
34.9%
1987Luka - Suzanne Vega
34.5%
1986Your Love - The Outfield
32.5%
1982Harden My Heart - Quarterflash
32%
1989Wild Thing - Tone Loc
31.9%
1987Little Lies - Fleetwood Mac
31.7%
1982Caught Up in You - 38 Special
31.6%
Hint Answer % Correct
1989You Got It - Roy Orbison
31.3%
1981Woman - John Lennon
30.2%
1982Even the Nights Are Better - Air Supply
30.2%
1983I'll Tumble 4 Ya - Culture Club
29.9%
1988Never Tear Us Apart - INXS
29.2%
1982Steppin’ Out - Joe Jackson
28.4%
1983(Keep Feeling) Fascination - The Human League
27.3%
1987Touch of Grey - Grateful Dead
26.4%
1985Get It On - The Power Station
26.3%
1986If You Leave - Orchestral Manoeuvres in the Dark
25.5%
1988The Flame - Cheap Trick
24%
1988Hysteria - Def Leppard
23.6%
1983Overkill - Men at Work
23.5%
1987Breakout - Swing Out Sister
23.4%
1981Hey Nineteen - Steely Dan
22.4%
198918 and Life - Skid Row
20.5%
1988Cherry Bomb - John Cougar Mellancamp
20.4%
1985The Search Is Over - Survivor
20.1%
1988Waiting for a Star to Fall - Boy Meets Girl
19.9%
1988Endless Summer Nights - Richard Marx
19.9%
1980On the Radio - Donna Summer
19%
1986All I Need Is a Miracle - Mike + The Mechanics
18.3%
1987Control - Janet Jackson
17.5%
1989Close My Eyes Forever - Lita Ford & Ozzy Osbourne
11.3%
1986All Cried Out - Lisa Lisa & the Cult Jam
10.9%
1981Living Inside Myself - Gino Vannelli
10.3%
1986The Rain - Oran 'Juice' Jones
8.6%
1980Fire Lake - Bob Seger & The Silver Bullet Band
8.5%
1988Walk on Water - Eddie Money
5.5%
1989Cry - Waterfront
5.3%
1981Hard to Say - Dan Fogelberg
4.7%
1987Stone Love - Kool & the Gang
2.1%
Remove Ads.
Support Sporcle.
Get the best of Sporcle when you Go Orange. This ad-free experience offers more features, more stats, and more fun while also helping to support Sporcle. Thank you for becoming a member.

You're not logged in!

Compare scores with friends on all Sporcle quizzes.
OR
Log In

Sporcle TV

Today on Sporcle TV


Watch our educational content, quiz creation guides, and fun videos on Sporcle TV.

Show Comments

Extras

Top Quizzes Today


Score Distribution

Paid Content

Your Account Isn't Verified!

In order to create a playlist on Sporcle, you need to verify the email address you used during registration. Go to your Sporcle Settings to finish the process.

Report this User

Report this user for behavior that violates our Community Guidelines.

Details: